LIBRARY & INFORMATION CENTRE, KCAET, TAVANUR

ONLINE PUBLIC ACCESS CATALOGUE (OPAC)

Sudhajala vitharanam / (Record no. 10925)

MARC details
000 -LEADER
fixed length control field 00542cam a2200217ua 4500
041 ## - LANGUAGE CODE
Language code of text/sound track or separate title mal
082 ## - DEWEY DECIMAL CLASSIFICATION NUMBER
Classification number 628.01
Item number RAM/SU
100 ## - MAIN ENTRY--AUTHOR NAME
Personal name Ramakrishnan, K .
245 ## - TITLE STATEMENT
Title Sudhajala vitharanam /
250 ## - EDITION STATEMENT
Edition statement 1 /
260 ## - PUBLICATION, DISTRIBUTION, ETC. (IMPRINT)
Place of publication Thiruvananthapuram :
Name of publisher State Instititute of Languages ,
Year of publication 1975.
300 ## - PHYSICAL DESCRIPTION
Number of Pages 455 ; .
942 ## - ADDED ENTRY ELEMENTS (KOHA)
Koha item type Books
Holdings
Withdrawn status Lost status Damaged status Home library Current library Date acquired Full call number Accession Number Koha item type
Withdrawn     KAUAET KAUAET 07/04/2012 628.01 14193 Books
      KAUAET KAUAET 07/04/2012 628.01 14194 Books
      KAUAET KAUAET 07/04/2012 628.01 14195 Books
      KAUAET KAUAET 07/04/2012 628.01 14196 Books
Withdrawn     KAUAET KAUAET 17/11/2023 628.01 RAM/SU 14192 Books
free website counter